Numéros des pilotes de Formule 1 en 2025 - Click Quiz - Statistiques

Statistiques générales
  • Ce quiz a été pris 847 fois
  • Le résultat moyen est 14 sur 20
Statistiques - réponses
Hint Réponse % Correct
Max Verstappen 1
96%
Lewis Hamilton 44
94%
Charles Leclerc 16
93%
Lando Norris 4
89%
Pierre Gasly 10
88%
Carlos Sainz 55
85%
George Russell 63
83%
Oscar Piastri 81
81%
Fernando Alonso 14
73%
Esteban Ocon 31
72%
Yuki Tsunoda 22
67%
Oliver Bearman 87
67%
Lance Stroll 18
65%
Isak Hadjar 6
62%
Alexander Albon 23
61%
Nico Hülkenberg 27
61%
Kimi Antonelli 12
55%
Liam Lawson 30
48%
Gabriel Bortoleto 5
47%
Jack Doohan 7
42%
Aucun quiz correspondant
Distribution des résultats
% des personnes avec chaque résultat
Percentile par nombre de réponses
Votre historique - résultats
Vous n’avez pas pris ce quiz